All Time Low- Weightless lyrics - Statistics

General Stats
  • This quiz has been taken 909 times
    877 since last reset
  • The average score is 198 of 259
Answer Stats
Answer % Correct
I
99%
a
98%
I'm
94%
be
90%
and
89%
And
89%
me,
89%
me-
89%
go
88%
weightless
88%
it
87%
just
86%
my
86%
But
85%
but
85%
that
85%
the
85%
wanna
85%
enough.
84%
feel
84%
it's
84%
mess.
84%
because.
83%
in
83%
not
83%
this
83%
This
83%
year.
83%
year,
83%
Maybe
82%
weekend
82%
weekend,
82%
book,
81%
Manage
81%
up.
81%
up
81%
half
80%
should
80%
stuck
80%
fucking
79%
gonna
79%
old.
79%
over,
79%
over
79%
time,
79%
time
79%
Turn
79%
getting
78%
page,
78%
unread.
78%
at,
77%
to
77%
another
76%
pick-
76%
minute
75%
on
75%
waiting
75%
second
74%
could
73%
every
73%
here.
72%
laughed
72%
older.
72%
rut,
72%
so
72%
with,
72%
would
72%
of
71%
by,
70%
by
70%
is
70%
day
69%
sick
69%
everything
68%
everything,
68%
reaction
68%
watching
68%
don't
67%
find
67%
If
67%
nowhere.
67%
nowhere,
67%
all
66%
let
66%
pass
66%
going
65%
hand
65%
never
65%
waste
65%
crazy
64%
crazy,
64%
want
63%
been
61%
I've
61%
'Cause
60%
cause
60%
minutes
60%
then
58%
as
56%
fear,
56%
fear
56%
live
52%
for.
45%
reckless,
44%
Make
42%
would
41%
believe
40%
while
39%
design
37%
head.
37%
impress,
37%
turns
37%
waited
33%
waited,
33%
anymore.
32%
word
32%
dream
28%
No matching quizzes found
Score Distribution
Percent of People with Each Score
Percentile by Number Answered
Your Score History
You have not taken this quiz since the last reset